000 00967nac a22002777a 4500
001 BR8102269
003 BR-BrBNA
005 20240105114950.0
008 230509b bl.|||m| |||| 00| 0 por d
040 _aBR-BrBNA
_bpor
_cBiblioteca Nacional de Agricultura
072 _aE10
090 _aE10 BR8102269
100 1 _aGarcia, E.A.C.
110 1 _aUnidade de Execucao de Pesquisa de Ambito Estadual de Corumba, MS (Brasil)
_910360
245 1 _aEstrutura fundiaria no Municipio de Corumba, MS [Mato Grosso do Sul; Brasil]
260 3 _aCorumba, MS (Brasil):
_c1981.
300 _a31 p.
490 _aCircular Tecnica - Unidade de Execucao de Pesquisa de Ambito Estadual de Corumba (Brazil)
_vno. 6
_xISSN 0100-7866
500 _a8 tables; Summary (Pt); 9 ref.
650 _aMacroeconomia
650 _aEstrutura agraria
650 _aCorumba
650 _aMato Grosso do Sul
909 _a202312
_bLúcia Elande
_c55
_dLúcia Elande
942 _2AGRIS
_n0
_cMS
999 _c272292
_d272292